Universes without us : posthuman cosmologies in American literature /

During the nineteenth and early twentieth centuries, a wide variety of American writers proposed the existence of energies connecting human beings to cosmic processes. From varying points of view, scientific, philosophical, religious and literary, they suggested that such energies would eventually r...

Full description

Bibliographic Details
Main Author: Taylor, Matthew A., 1978-
Format: Book
Language:English
Published: Minneapolis : University of Minnesota Press, [2013]
Subjects:

MARC

Tag First Indicator Second Indicator Subfields
LEADER 00000cam a2200000 i 4500
001 in00003426413
005 20151206091528.0
008 130822t20132013mnua b s001 0 eng
010 |a  2013028372 
020 |a 9780816680603 (hardback) 
020 |a 0816680604 (hardback) 
020 |a 9780816680610 (pb) 
020 |a 0816680612 (pb) 
035 |a (OCoLC)ocn840465547 
040 |a DLC  |e rda  |c DLC  |d UtOrBLW 
043 |a n-us--- 
049 |a TXAM 
050 0 0 |a PS217.P45  |b T39 2013 
082 0 0 |a 810.9/384  |2 23 
100 1 |a Taylor, Matthew A.,  |d 1978- 
245 1 0 |a Universes without us :  |b posthuman cosmologies in American literature /  |c Matthew A. Taylor. 
264 1 |a Minneapolis :  |b University of Minnesota Press,  |c [2013] 
264 4 |c ©2013 
300 |a viii, 369 pages :  |b illustrations ;  |c 23 cm. 
336 |a text  |b txt  |2 rdacontent 
337 |a unmediated  |b n  |2 rdamedia 
338 |a volume  |b nc  |2 rdacarrier 
500 |a Based on the author's thesis (Ph. D.) -- The Johns Hopkins University, 2009. 
504 |a Includes bibliographical references and index. 
505 0 |a Contents -- Acknowledgments -- Introduction: Immortal Post-Mortems -- 1. Edgar Allan Poe's Meta/Physics -- 2. Henry Adams's Half-Life: The Science of Autobiography -- 3. "By an Act of Self-Creation": On Becoming Human in America -- 4. Hoodoo You Think You Are?: Self-Conjuration in Chesnutt's The Conjure Woman -- 5. "It Might Be the Death of You": Hurston's Voodoo Ethnography -- Coda: "The Cosmo-Political Party" -- Notes -- Index. 
520 |a During the nineteenth and early twentieth centuries, a wide variety of American writers proposed the existence of energies connecting human beings to cosmic processes. From varying points of view, scientific, philosophical, religious and literary, they suggested that such energies would eventually result in the perfection of individual and collective bodies, assuming that assimilation into larger networks of being meant the expansion of humanity's powers and potentialities, a belief that continues to inform much posthumanist theory today. Universes without Us explores a lesser-known countertradition in American literature. As Matthew A. Taylor's incisive readings reveal, the heterodox cosmologies of Edgar Allan Poe, Henry Adams, Charles Chesnutt and Zora Neale Hurston reject the anthropocentric fantasy that sees the universe as a kind of reservoir of self-realization. For these authors, the world can be made neither "other" nor "mirror." Instead, humans are enmeshed with "alien" processes that are both constitutive and destructive of "us." By envisioning universes no longer our own, these cosmologies picture a form of interconnectedness that denies any human ability to master it. Universes without Us demonstrates how the questions, possibilities and dangers raised by the posthuman appeared nearly two centuries ago. Taylor finds in these works an untimely engagement with posthumanism, particularly in their imagining of universes in which humans are only one category of heterogeneous thing in a vast array of species, objects and forces. He shows how posthumanist theory can illuminate American literary texts and how those texts might, in turn, prompt a reassessment of posthumanist theory. By understanding the posthuman as a materialist cosmology rather than a technological innovation, Taylor extends the range of thinkers who can be included in contemporary conversations about the posthuman. 
650 0 |a Cosmology in literature. 
650 0 |a American literature  |y 19th century  |x History and criticism. 
650 0 |a American literature  |y 20th century  |x History and criticism. 
600 1 0 |a Poe, Edgar Allan,  |d 1809-1849  |x Criticism and interpretation. 
600 1 0 |a Adams, Henry,  |d 1838-1918  |x Criticism and interpretation. 
600 1 0 |a Chesnutt, Charles W.  |q (Charles Waddell),  |d 1858-1932  |x Criticism and interpretation. 
600 1 0 |a Hurston, Zora Neale  |x Criticism and interpretation. 
650 0 |a Humanity in literature. 
650 0 |a Human beings in literature. 
650 0 |a Self in literature. 
650 0 |a Order (Philosophy) in literature. 
650 7 |a LITERARY CRITICISM / American / General.  |2 bisacsh 
650 7 |a PHILOSOPHY / General.  |2 bisacsh 
650 7 |a LITERARY CRITICISM / Semiotics & Theory.  |2 bisacsh 
945 |a PromptCat  |b 616498 
946 |a stk 
947 |a A14840685148 
948 |a cataloged  |b h  |c 2014/2/4  |d c  |e dmitchel  |f 1:30:20 pm 
994 |a 92  |b TXA 
999 |a MARS 
999 f f |s 1d389cad-fda5-3a75-96f6-49ebb13ba093  |i e077be22-cddd-3be6-8645-2edf49d74b29  |t 0 
952 f f |p ric  |a Texas A&M University  |b Rellis Campus  |c Joint Library Facility  |d Remote Storage  |t 0  |e PS217.P45 T39 2013  |h Library of Congress classification  |i unmediated -- volume  |m A14840685148 
998 f f |a PS217.P45 T39 2013  |t 0  |l Remote Storage